=LDR 00000nam 2200000 4500 =001 INLIS000000000000253 =005 20150303092329.0 =006 =007 =008 Ind =035 ##$$0010-061300000000253 =041 ##$$a Ind =082 ##$$a 615.851 6 =090 ##$$a 615.851 6 Bas m =100 ##$$a Bastaman, Hanna Jumhana =245 ##$$a Meraih hidup bermakna, kisah pribadi dengan pengalaman tragis / Hanna Djumhana Bastaman; Penyunting, Arief Subhan =260 ##$$a Jakarta $b Paramida $c 1996 =300 ##$$a xxvii, 223 hlm. : ilus. ; 21 cm =650 ##$$a Logoterapi =850 ##$$a NBPNMAT